000 00442nam a2200193Ia 4500
005 20250603145643.0
008 250603s9999 xx 000 0 und d
020 _a0-07-047332-3
050 _aTA 683.24 .S56/
100 _aSinha, S. N.
245 0 _aReinforced concrete design
250 _a2nd ed.
260 _aNew Delhi
260 _bTata McGraw Hill
260 _c2002
300 _a708 p
650 _aNew Delhi
942 _cBK
999 _c42467
_d42467